000 00433cam a2200181ua 4500
001 1346
005 20260515113323.0
008 110706n ii |||gr||||Z||||||asm
040 _cMAIN
082 _a301
100 1 _aAhmed, Gyasuddin,
245 _aAn Introduction to Sociology
_cBy Gyasuddin Ahmed
250 _a1st.
260 _aDibrugarh:
_bBanalata,
_c2005-06.
300 _a340p:
_c23cm.
653 _aSociology
942 _cBK
999 _c1244
_d1244